Internetworking with TCP/IP / (Record no. 360)
[ view plain ]
| 000 -LEADER | |
|---|---|
| fixed length control field | 01223nam a2200325 a 4500 |
| 001 - CONTROL NUMBER | |
| control field | 360 |
| 003 - CONTROL NUMBER IDENTIFIER | |
| rucl marc code | BD-RjUL |
| 005 - DATE AND TIME OF LATEST TRANSACTION | |
| control field | 20211208233150.0 |
| 008 - FIXED-LENGTH DATA ELEMENTS--GENERAL INFORMATION | |
| fixed length control field | 131107r20041996ii df||| |||| 001 0 eng d |
| 020 ## - INTERNATIONAL STANDARD BOOK NUMBER | |
| International Standard Book Number | 8120325532 (V-3) |
| Terms of availability | : IRs. 350.00 (V-3) |
| 035 ## - SYSTEM CONTROL NUMBER | |
| System control number | (BD-RjUL)377 |
| 040 ## - CATALOGING SOURCE | |
| Original cataloging agency | BD-RjUL |
| Language of cataloging | eng |
| Transcribing agency | BD-RjUL |
| Modifying agency | BD-RjUL |
| 041 ## - LANGUAGE CODE | |
| Language code of text/sound track or separate title | eng |
| 082 04 - DEWEY DECIMAL CLASSIFICATION NUMBER | |
| Edition number | 23 |
| Classification number | 004.6 |
| Author mark and year | COI V-1-2-3 2004 |
| 100 1# - MAIN ENTRY--PERSONAL NAME | |
| Personal name | Comer, Douglas E. |
| 9 (RLIN) | 366 |
| 245 10 - TITLE STATEMENT | |
| Title | Internetworking with TCP/IP / |
| Statement of responsibility, etc. | Douglas E Comer, David L. Stevens. |
| 250 ## - EDITION STATEMENT | |
| Edition statement | 2nd ed. , Eastern Economy ed. , Indian Reprint ed. |
| 260 ## - PUBLICATION, DISTRIBUTION, ETC. (IMPRINT) | |
| Place of publication, distribution, etc. | New Delhi : |
| Name of publisher, distributor, etc. | Prentice-Hall of India, |
| Date of publication, distribution, etc. | c1996 [Reprinted 2004-2005]. |
| 300 ## - PHYSICAL DESCRIPTION | |
| Pagination | v. : |
| Illustrations | ill. ; |
| Size | 24 cm. |
| 504 ## - BIBLIOGRAPHY, ETC. NOTE | |
| Bibliography, etc | Includes bibliography and index. |
| 505 0# - FORMATTED CONTENTS NOTE | |
| Formatted contents note | Vol 3. Client-server programming and applications (BSD Socket Version) / Douglas E Comer, David L. Stevens.-- |
| 600 ## - SUBJECT ADDED ENTRY--PERSONAL NAME | |
| Chronological subdivision | |
| 650 #0 - SUBJECT ADDED ENTRY--TOPICAL TERM | |
| Topical term or geographic name as entry element | TCP/IP (Computer network protocol). |
| 9 (RLIN) | 406 |
| Topical term or geographic name as entry element | Internetworking (Telecommunication) |
| 9 (RLIN) | 118276 |
| Topical term or geographic name as entry element | Client/server computing |
| 9 (RLIN) | 250207 |
| Topical term or geographic name as entry element | Data transmission systems |
| 9 (RLIN) | 250208 |
| Topical term or geographic name as entry element | Computer network protocols |
| 9 (RLIN) | 250209 |
| 700 1# - ADDED ENTRY--PERSONAL NAME | |
| Personal name | Stevens, David L. , jt. auth. |
| 942 ## - ADDED ENTRY ELEMENTS (KOHA) | |
| Source of classification or shelving scheme | Dewey Decimal Classification |
| Koha item type | Books |
| Lost status | Source of classification or shelving scheme | Damaged status | Not for loan | Collection code | Permanent Location | Current Location | Shelving location | Date acquired | Source of acquisition | Cost, normal purchase price | Total Checkouts | Full call number | Date last seen | Copy number | Koha item type |
|---|---|---|---|---|---|---|---|---|---|---|---|---|---|---|---|
| Dewey Decimal Classification | Non-fiction | Central Library, University of Rajshahi | Central Library, University of Rajshahi | 08/06/2006 | Paragon Enterprise | 350.00 | 004.6 COI V-3 2004 | 17/11/2013 | C-2 | Books | |||||
| Dewey Decimal Classification | Not For Loan | Non-fiction | Central Library, University of Rajshahi | Central Library, University of Rajshahi | Reading Room | 08/06/2006 | Dhaka, Paragon Enterprises Ltd. | 350.00 | 004.6 COI V-3 2005 | 18/11/2021 | C-1 | Books |